[Event "DEM U12w 2019"]
[Site "Willingen GER"]
[Date "2019.06.09"]
[Round "1"]
[White "Adelmeyer, Nelly"]
[Black "Wille, Melanie"]
[Result "1-0"]
[Termination "normal"]
[Board "15"]
[WhiteElo "1420"]
[BlackElo "1083"]
[PlyCount "119"]
[WhiteFideId "16203577"]
[BlackFideId "16287037"]
[EventCountry "GER"]
[EventRounds "9"]
[EventType "swiss"]
[EventDate "2019.06.08"]

1. d4 d5 2. Nf3 Nf6 3. e3 Nc6 4. Bd3 g6 5. Nbd2 Bg7 6. b3 Nb4 7. Be2 Bf5 8. Bd3
Nxd3+ 9. cxd3 Bxd3 10. Ne5 Bb5 11. a4 Ba6 12. Ba3 O-O 13. b4 b5 14. Qe2 c6 15.
Nxc6 Qb6 16. Nxe7+ Kh8 17. Rc1 bxa4 18. Qf3 Rfe8 19. Nxd5 Nxd5 20. Qxd5 Rf8 21.
b5 Qxb5 22. Qxb5 Bxb5 23. Bxf8 Rxf8 24. Rc5 a6 25. f4 a3 26. Kf2 f5 27. Ra1 Rb8
28. Rc2 Bf8 29. h3 Bd3 30. Rc3 Be4 31. Nc4 Rc8 32. Rcc1 Bb7 33. Nb6 Rxc1 34.
Rxc1 Kg7 35. Ra1 Kf6 36. Nc4 a2 37. Rxa2 Kg7 38. Ne5 Bd6 39. Nd7 Bc8 40. Nb6
Bb7 41. Rc2 Kh6 42. Nc4 Be4 43. Ra2 Bd5 44. Rxa6 Be7 45. Nd6 Bxd6 46. Rxd6 Be4
47. g4 fxg4 48. hxg4 Kg7 49. Re6 Bd5 50. Re5 Bf7 51. d5 Kf8 52. d6 Be8 53. Re7
h5 54. gxh5 gxh5 55. Rh7 Kg8 56. d7 Bxd7 57. Rxd7 Kf8 58. Kg3 Ke8 59. Rh7 h4+
60. Kxh4 1-0

[Event "DEM U12w 2019"]
[Site "Willingen GER"]
[Date "2019.06.09"]
[Round "1"]
[White "Heuberger, Sandra"]
[Black "Labuda, Annika"]
[Result "0-1"]
[Termination "normal"]
[Board "16"]
[WhiteElo "1077"]
[BlackElo "1251"]
[PlyCount "102"]
[WhiteFideId "16232151"]
[BlackFideId "16261453"]
[EventCountry "GER"]
[EventRounds "9"]
[EventType "swiss"]
[EventDate "2019.06.08"]

1. d4 d5 2. c4 e6 3. Nc3 Nf6 4. Bg5 Be7 5. e3 O-O 6. Nf3 h6 7. Bh4 b6 8. Bd3
Bb7 9. O-O Ne4 10. Bxe7 Qxe7 11. Nd2 Nxd2 12. Qxd2 c5 13. Rfe1 Qg5 14. f3 cxd4
15. Nb5 dxe3 16. Rxe3 Nd7 17. Rae1 Nc5 18. Bb1 a6 19. Qc2 g6 20. Nd4 Qf4 21. b4
Qxd4 22. bxc5 Qxc5 23. Qf2 dxc4 24. f4 b5 25. Qh4 Kg7 26. Kh1 Qb4 27. Rg1 Rac8
28. Rh3 h5 29. Qg5 Qc5 30. f5 exf5 31. Rxh5 Rh8 32. Rxh8 Rxh8 33. Qg3 c3 34.
Rc1 b4 35. Bc2 Qd5 36. Bb3 Qc5 37. Qd3 Qf2 38. Bd5 Qd2 39. Rd1 Qxd3 40. Rxd3 c2
41. Kg1 c1=Q+ 42. Kf2 Bxd5 43. Rxd5 Qf4+ 44. Ke2 Qe4+ 45. Kf2 Qxd5 46. h3 Qd2+
47. Kf1 Re8 48. Kg1 Re2 49. a3 Rxg2+ 50. Kh1 Rh2+ 51. Kg1 Qg2# 0-1

[Event "DEM U12w 2019"]
[Site "Willingen GER"]
[Date "2019.06.09"]
[Round "1"]
[White "Ramien, Hannah"]
[Black "Haarmann, Belanna"]
[Result "1-0"]
[Termination "normal"]
[Board "17"]
[WhiteElo "1296"]
[BlackElo "1065"]
[PlyCount "97"]
[WhiteFideId "16209982"]
[BlackFideId "16273508"]
[EventCountry "GER"]
[EventRounds "9"]
[EventType "swiss"]
[EventDate "2019.06.08"]

1. e4 e5 2. Nf3 Nc6 3. Bc4 Bc5 4. c3 Nf6 5. d3 d6 6. Nbd2 Be6 7. Bb3 Qe7 8. O-O
O-O-O 9. Re1 h6 10. Nf1 Ng4 11. Re2 h5 12. h3 Nxf2 13. Rxf2 Qf6 14. Bxe6+ Qxe6
15. Be3 Bxe3 16. Nxe3 f6 17. Qb3 Qxb3 18. axb3 Ne7 19. Rxa7 Kb8 20. Ra2 Rhf8
21. Rf1 Kc8 22. Ra8+ Kd7 23. Rxd8+ Rxd8 24. Nh4 g5 25. Nhf5 Nxf5 26. Nxf5 g4
27. hxg4 hxg4 28. Nh6 Ke6 29. Nxg4 Rf8 30. d4 exd4 31. cxd4 Rf7 32. d5+ Kd7 33.
Rc1 c5 34. dxc6+ bxc6 35. Rxc6 Ke6 36. b4 f5 37. exf5+ Rxf5 38. Rb6 Rf4 39. Ne3
Re4 40. Kf2 Rd4 41. Ke2 Ke5 42. b3 d5 43. g4 Kf4 44. Rf6+ Kg5 45. Rf5+ Kg6 46.
Rxd5 Rxb4 47. Rd3 Kg5 48. Kd2 Kf4 49. Nd5+ 1-0

[Event "DEM U12w 2019"]
[Site "Willingen GER"]
[Date "2019.06.09"]
[Round "1"]
[White "Müller, Eva"]
[Black "Eichhorn, Mathilda Sophie"]
[Result "0-1"]
[Termination "normal"]
[Board "18"]
[WhiteElo "1031"]
[BlackElo "1452"]
[PlyCount "126"]
[WhiteFideId "16286995"]
[BlackFideId "16242289"]
[EventCountry "GER"]
[EventRounds "9"]
[EventType "swiss"]
[EventDate "2019.06.08"]

1. e4 e6 2. d4 d5 3. e5 c5 4. c3 Nc6 5. Nf3 Qb6 6. Be3 Qxb2 7. Nbd2 cxd4 8.
cxd4 Bb4 9. Be2 Bxd2+ 10. Bxd2 Nge7 11. O-O O-O 12. Bd3 Nxd4 13. Nxd4 Qxd4 14.
Be3 Qxe5 15. Qg4 Ng6 16. Rfe1 Qf6 17. Bg5 e5 18. Bxf6 Bxg4 19. Bxe5 Nxe5 20.
Rxe5 Be6 21. Rb1 b6 22. Be2 Rad8 23. Rc1 d4 24. Rc7 d3 25. Bd1 d2 26. Rxa7 Bg4
27. f3 Be6 28. Ra6 Rfe8 29. Rxb6 Bxa2 30. Rxe8+ Rxe8 31. Kf2 Rd8 32. Ke2 Bc4+
33. Ke3 Rd3+ 34. Kf2 g6 35. Rb8+ Kg7 36. Rb1 Rc3 37. Rb2 Rd3 38. Rb1 Kf6 39.
Be2 Rc3 40. Rd1 Bxe2 41. Kxe2 Rc6 42. Rxd2 Re6+ 43. Kf2 h5 44. h4 Ra6 45. g3
Ra1 46. Kg2 Kf5 47. Rd7 Ra2+ 48. Kh3 Kf6 49. g4 hxg4+ 50. fxg4 Ra3+ 51. Kg2 Re3
52. h5 gxh5 53. gxh5 Re5 54. h6 Kg6 55. h7 Re8 56. Kg3 Rh8 57. Rd6+ Kxh7 58.
Kg4 Rf8 59. Kg5 Kg7 60. Rf6 Kg8 61. Rh6 Kg7 62. Rf6 Re8 63. Rf4 Re6 0-1

[Event "DEM U12w 2019"]
[Site "Willingen GER"]
[Date "2019.06.09"]
[Round "1"]
[White "Hengst, Sarah"]
[Black "Ulrich, Helena Irene"]
[Result "0-1"]
[Termination "normal"]
[Board "20"]
[WhiteElo "958"]
[BlackElo "1514"]
[PlyCount "76"]
[WhiteFideId "16286030"]
[BlackFideId "16256000"]
[EventCountry "GER"]
[EventRounds "9"]
[EventType "swiss"]
[EventDate "2019.06.08"]

1. d4 Nf6 2. c4 g6 3. Nc3 Bg7 4. e4 d6 5. Nf3 O-O 6. Be2 e5 7. d5 a5 8. Be3
Nbd7 9. Qd2 Ng4 10. O-O Nxe3 11. Qxe3 Nc5 12. Ne1 f5 13. Rd1 f4 14. Qd2 Bh6 15.
f3 Bg5 16. Nd3 Nxd3 17. Bxd3 Bh4 18. Ne2 Bg5 19. Rc1 h5 20. c5 h4 21. g4 fxg3
22. f4 gxh2+ 23. Kxh2 Bh6 24. cxd6 cxd6 25. Nc3 Bxf4+ 26. Rxf4 Rxf4 27. Qg2 Rg4
28. Qd2 h3 29. Qh6 Rg2+ 30. Kh1 Qd7 31. Rf1 Qg7 32. Qxg7+ Kxg7 33. Nb5 Rd2 34.
Bc4 Ra6 35. Nc7 Rb6 36. Na8 Rbxb2 37. Nc7 Rh2+ 38. Kg1 Rbg2# 0-1